| 000 | 00733nas a22002177a 4500 | ||
|---|---|---|---|
| 005 | 20260601170353.0 | ||
| 008 | 260601b20052021porar|p| |||| 00| z por d | ||
| 022 | _a21766517 | ||
| 040 | _cBR-ViAPE | ||
| 245 | _aRevista da Academia Espírito-Santense de Letras | ||
| 260 |
_aVitória _bAcademia Espírito-Santense de Letras _c2005-2021 |
||
| 300 |
_av. _bil. |
||
| 310 | _aAnual | ||
| 362 | _a (maio. 2006) - n. 26 (nov. 2021). | ||
| 500 | _aColeção incompleta: disponíveis apenas alguns números do periódico. | ||
| 650 |
_aLiteratura _xConto _xCrônica _xPoesia _zEspírito Santo |
||
| 651 |
_aEspírito Santo (Brasil) _vPeriódicos |
||
| 710 | _aAcademia Espírito-Santense de Letras | ||
| 942 |
_2ddc _cPER _n1 |
||
| 999 |
_c742 _d742 |
||